000 01000pab a2200169 454500
008 180718b2005 xxu||||| |||| 00| 0 eng d
100 _aAppu, P.S.
245 _aThe All India Services: decline, debasement and destruction
260 _c2005
300 _ap.826-32.
362 _a26 Feb
520 _aThe All India Services constitute a unique feature of the Indian federal set-up. For some two decades, the IAS and the IPS functioned as envisaged in the Constitution. Then the decline started, first slowly and later at an accelerated pace. The Nadir was reached in Gujarat three years ago. Now these services are in a shambles everywhere. Though the services no longer serve fully the purpose for which they were established, this paper argues that they should be retained and rejuvenated. It concludes with some suggestions for revamping the services. - Reproduced.
650 _aCivil service - India
650 _aCivil service
773 _aEconomic and Political Weekly
909 _a64448
999 _c64448
_d64448